[Event "Hoogovens-B"]
[Site "Wijk aan Zee"]
[Date "1998.01.27"]
[Round "7"]
[White "Xie, Jun"]
[Black "Bosboom, Manuel"]
[Result "1-0"]
[WhiteElo "2485"]
[BlackElo "2450"]
[Annotator "Atlas,V"]
[PlyCount "151"]
[EventDate "1998.01.20"]
[EventType "tourn"]
[EventRounds "11"]
[EventCountry "NED"]
[EventCategory "10"]
[SourceTitle "CBM 063"]
[Source "ChessBase"]
[SourceDate "1998.03.26"]
[SourceVersion "1"]
[SourceVersionDate "1998.03.26"]
[SourceQuality "1"]

1. e4 c5 2. Nf3 d6 3. d4 cxd4 4. Nxd4 Nf6 5. Nc3 a6 6. Be3 e6 7. f3 h5 {
Rare and interestig move. Black pevens the pawn advance g2-g4 at expense of
the serious weakening of his kingside.} (7... Be7 8. g4 (8. a4 Nc6 9. Nb3 b6
10. Be2 O-O 11. O-O Qc7 12. Qe1 Rb8 13. g4 Ne5 14. Nd2 Rd8 15. g5 Ne8 16. f4
Nc6 17. Bc4 Nb4 18. Bb3 d5 19. exd5 exd5 20. Qf2 Nd6 21. a5 bxa5 {0-1
Mueckenberger,P-Chachere,L/US op 1989 (55)}) 8... Nc6 9. Qd2 Nxd4 10. Qxd4 e5
11. Qb6 Be6 12. O-O-O Qc8 13. Nd5 Bxd5 14. exd5 O-O 15. g5 Nd7 16. Qb4 b5 17.
h4 Qc7 18. Bd3 Nc5 19. Bf5 g6 20. Bh3 f5 21. gxf6 Rxf6 22. Qg4 Raf8 23. h5 Rf4
24. Bxf4 Rxf4 25. Qg2 g5 26. Kb1 h6 {1/2-1/2 Frolov,A-Anastasian,A/Podolsk
GMA-qual 1989 (67)}) 8. a4 b6 9. Bd3 Bb7 10. O-O Nbd7 11. Qe2 Qc7 12. Rad1 h4
$6 {A dubious decision. More prudent was 12...Be7.} 13. h3 e5 $6 {Another
imprudent advance. 13...Be7 was to be preferred.} 14. Nb3 (14. Nf5 $2 {were a
terrible mistake, since after} g6 {the white knught has no retreat.}) 14... Nh5
{Black seized a temporal initiative on the kingside, but it does not yields a
sufficient comensation for the weakened key d5-square.} 15. Rfe1 Ng3 16. Qf2
Be7 (16... Nc5 17. a5 $5 {seems also hardly sufficient for Black.}) 17. Nd2 $1
{[%csl Rc4,Rd5][%cal Gd3c4,Gc4d5,Gc3d5] This move, enabling bishop transfer to
d5 via c4, signifies White's victory of the opening battle.} O-O 18. Bc4 Rfc8 (
18... Nf6 {is bad in view of} 19. Bxb6) 19. Bd5 Bd8 20. Nf1 {The most logical
continuation. Enjoying full control over the key d5-square, White strives to
further exchanges.} Nxf1 21. Rxf1 Bxd5 22. Rxd5 Nf6 23. Rd2 Rab8 24. Bg5 $1 ({
Avoiding unnecessary complications arising after} 24. Qxh4 d5 {Now Black loses
his once active h4-pawn without any compensation.}) 24... b5 25. axb5 axb5 26.
Bxh4 b4 {Initiating series of exchanges, which is profitable for White due to
the extra pawn.} 27. Nd5 (27. Bxf6 bxc3 28. Bxd8 Rxd8 29. bxc3 {also deserved
attention.}) 27... Nxd5 28. Bxd8 Rxd8 29. Rxd5 Rdc8 30. Rc1 Rb6 31. c4 bxc3 32.
Rxc3 Rc6 33. Rxc6 Qxc6 34. Kh2 {The ending is technically won for White. Still,
conversion of his material advantage requires an accuracy and patience.} Rb8
35. Qd2 Rb6 36. b4 f6 37. Rd3 Kh7 38. Rc3 Qa4 39. Qf2 $1 Rc6 ({Unpleasant but
forced decision, since the rook exchange is clearly in White's favor. The b4
pawn is invulnerable:} 39... Qxb4 $4 40. Qh4+ Kg6 41. Qg4+ Kh6 42. Rc7 {
, with ineviable mate.}) 40. Rxc6 Qxc6 41. Qb2 Qb5 42. Qd2 Qb6 43. Qb2 Qb5 44.
Qb3 Kg6 45. Kg3 Kh7 46. h4 {The queen endung is hopelss for Black.} Kg6 47. Qc3
Kh7 48. Qd2 Qb8 49. h5 Qb6 50. Qb2 Kh6 51. Kg4 Qe3 (51... Qb7 $4 {loses
immediately after} 52. Qd2+ Kh7 53. Qxd6) (51... Qc6 {does not yield anything
in view of} 52. b5 Qd7+ 53. Kh4) 52. Kf5 $1 {King march to the queenside
decides the game.} Qg5+ 53. Ke6 Qxh5 54. Kxd6 Qe8 55. b5 Qd8+ 56. Kc5 Qc7+ 57.
Kd5 Qf7+ 58. Kc5 Qc7+ 59. Kb4 Qe7+ 60. Ka4 Qa7+ 61. Kb3 Qc5 (61... Qe3+ {
is met by} 62. Kc4) 62. Qe2 Kg5 63. Qd2+ Kh4 64. Qd7 Kg3 65. Qxg7+ Kf2 66. Ka4
Qb6 67. Kb4 Ke3 68. Qe7 Qd4+ 69. Ka5 Qa1+ 70. Kb6 Kf2 71. Kb7 Kxg2 72. Qxf6 Qd4
73. Qf7 Kf2 74. b6 Ke3 75. Qb3+ Kf4 76. Kc6 1-0

[Event "Saintly Cup"]
[Site "Sydney"]
[Date "1999.01.30"]
[Round "8"]
[White "Benjamin, Joel"]
[Black "Johansen, Darryl Keith"]
[Result "1-0"]
[WhiteElo "2593"]
[BlackElo "2490"]
[Annotator "Atlas,V"]
[PlyCount "65"]
[EventDate "1999.01.22"]
[EventType "tourn"]
[EventRounds "9"]
[EventCountry "AUS"]
[EventCategory "10"]
[SourceTitle "CBM 070"]
[Source "ChessBase"]
[SourceDate "1999.06.08"]
[SourceVersion "1"]
[SourceVersionDate "1999.06.08"]
[SourceQuality "1"]

1. e4 c5 2. Nf3 d6 3. d4 cxd4 4. Nxd4 Nf6 5. Nc3 e6 6. g3 Nc6 7. Bg2 Bd7 8. O-O
Be7 9. Nb3 O-O 10. Kh1 (10. f4 a6 (10... b5 11. Be3 b4 12. Nb1 Qc7 13. c4 Rab8
14. N1d2 a5 15. c5 d5 16. Rc1 a4 17. Nd4 e5 18. Nf5 Bxf5 19. exf5 e4 20. Kh1
Qa5 21. Bg1 Ne8 22. Re1 Bf6 23. Rb1 Nc7 24. Nf1 {0-1 Sherf,R-Maus,S/Netanya
1987/EXT 97 (43)}) 11. a4 Rc8 12. a5 b6 13. Qe2 bxa5 14. Be3 Nb4 15. Nxa5 Qc7
16. Rfc1 e5 17. h3 Rfe8 18. Qf2 h5 19. f5 {1/2-1/2 Grigorov,J-Vratonjic,S/
Belgrade 1989/EXT 97 (79)}) 10... a6 11. f4 (11. a4 Na5 12. Nxa5 Qxa5 13. Bd2
Qc7 14. a5 Bc6 15. Be3 Nd7 16. Bd4 Rfe8 17. Qe2 Nc5 18. Rfd1 b5 19. axb6 Qxb6
20. Qe3 Qb7 21. f3 Nd7 22. Qe2 Red8 23. Ra5 Ne5 24. b3 Be8 25. Raa1 Nc6 26. Bg1
{1/2-1/2 Danailov,S-Oms Pallise,J/Pamplona 1995/EXT 97 (26)}) 11... b5 (11...
Rc8 12. g4 b5 13. a3 b4 14. axb4 Nxb4 15. g5 Ne8 16. Be3 e5 17. Qd2 f5 18. Nd5
Nxd5 19. exd5 Bb5 20. Rf2 Qd7 21. Na5 Bd8 {1/2-1/2 Zatulovskaya,T-Ivanka
Budinsky,M/Tbilisi 1976/MCD (61)}) 12. a3 Rc8 13. Be3 Be8 14. g4 Nd7 15. Qe2
Nb6 (15... Na5 {deserves attention:} 16. Nxa5 Qxa5 17. Rad1 $14) 16. Rad1 Qc7
$6 (16... Nc4 {is met by} 17. Bc1 {followed by 18.Rd3}) (16... b4 $5 {was a
better alternative:} 17. axb4 Nxb4 18. Nc5 (18. g5 Na4 $5 $132) 18... Rc6 $1 {
(with the idea 19...Qc8)} (18... Qc7 19. Nxa6 Nxa6 20. Qxa6 Nc4 21. Bc1 Bf6 22.
Rd3 $16) 19. Nd3 (19. Nxa6 Nxa6 20. Qxa6 Nc4) 19... a5) 17. Bc1 Na4 $2 ({
After this move White obtains strong attack.} 17... b4 {was to be preferred.}
18. axb4 Nxb4 19. Rf3 Qc4 $14 (19... d5 20. exd5 N4xd5 21. f5)) 18. Rd3 Nc5 19.
Rh3 b4 20. axb4 Nxb3 21. cxb3 Nxb4 (21... f6 22. f5 $16 (22. b5 $140 Nd4)) 22.
g5 {[%csl Rh7][%cal Ge2h5,Gh2h7]} f6 ({After} 22... g6 23. f5 {White's attack
is very dangerous. The text move leads to opening the g-file and allows White
to involve his dark-squared bishop into attack.}) 23. gxf6 Rxf6 24. f5 $1 $16 {
[%mdl 128] ><d5} e5 ({If} 24... Bf7 {then} 25. Bg5 exf5 26. exf5 $16) 25. Rg1
Qb7 26. Bf3 {[%csl Rg7,Rg8,Rh7][%cal Gc1g5,Ge2g2,Gf2h4,Ge2f2,Gh3h7,Gg1g7]
Black's position is critical. He has nothing to oppose White's attack on the
kingside.} Bf8 27. Bg5 Rf7 28. Qf2 {Threatening Qh4} Nd3 29. Qh4 h6 30. Bxh6
Rxc3 31. bxc3 Bc6 32. Be3 Rf6 (32... Rc7 {does not help:} 33. Qh8+ Kf7 34. Bh5+
Ke7 35. Rxg7+ Bxg7 36. Qxg7+ Kd8 37. Qf8+ Kd7 38. Qe8#) 33. Qxf6 1-0

[Event "RUS-chT 05th"]
[Site "Maikop"]
[Date "1998.06.06"]
[Round "4"]
[White "Morozevich, Alexander"]
[Black "Shipov, Sergei"]
[Result "1-0"]
[WhiteElo "2590"]
[BlackElo "2620"]
[Annotator "Atlas,V"]
[PlyCount "81"]
[EventDate "1998.06.03"]
[EventType "team-tourn"]
[EventRounds "11"]
[EventCountry "RUS"]
[SourceTitle "CBM 066"]
[Source "ChessBase"]
[SourceDate "1998.09.30"]
[SourceVersion "1"]
[SourceVersionDate "1998.09.30"]
[SourceQuality "1"]
[WhiteTeam "Tomsk 400"]
[BlackTeam "Moscow Apiko-Yakimanka"]
[WhiteTeamCountry "RUS"]
[BlackTeamCountry "RUS"]

1. e4 c5 2. Nf3 d6 3. d4 cxd4 4. Nxd4 Nf6 5. Nc3 a6 6. Be3 e6 7. f3 b5 8. Qd2
Bb7 9. g4 Nfd7 10. O-O-O Nb6 11. Bg5 $5 ({An important alternative to} 11. Bd3
N8d7 12. Qf2 (12. Kb1 Rc8 13. Qf2 Rxc3 14. bxc3 Qc7 15. Bxb5 axb5 16. Nxb5 Qc6
17. Na7 Qc7 18. Nb5 Qc4 19. Nxd6+ Bxd6 20. Rxd6 Na4 $19 {0-1 Lakos,
N-Dworakowska,J/WchJW U20 1997/EXP 59 (26)}) (12. g5 Rc8 13. Kb1 Ne5 14. f4
Nec4 15. Qf2 Nxe3 16. Qxe3 Nc4 17. Bxc4 Rxc4 18. Rhe1 Be7 {0-1 Vatter,
H-Wojtkiewicz,A/Bern op 1992/CBM 28 (30)}) 12... Rc8 13. f4 b4 14. Nce2 Nc5 15.
Ng3 Nxd3+ 16. Rxd3 Nc4 17. Kb1 Qc7 18. Rhd1 Be7 19. g5 g6 20. f5 $40 {1-0
Kolasinski,M-Shipov,S/Cheliabinsk-B 1991/EXT 91 (38)}) (11. a3 N8d7 12. Qf2 Rc8
13. h4 Rxc3 14. bxc3 Qc7 15. Bd3 d5 16. Kd2 Na4 17. Ne2 Ne5 18. Bd4 Bd6 19. f4
Nxd3 20. cxd3 dxe4 21. dxe4 Bxe4 22. Rh3 Nb2 $19 {0-1 Khmelnitsky,
S-Antoniewski,R/Frydek-Mistek opA 1997/EXT 97 (42)}) 11... Qc7 $6 (11... Be7
12. Bxe7 Qxe7 {deserved here serious attention. The text move allows White to
transfer the game into a better ending, in which he has 3 pawns for the knight.
}) 12. Ndxb5 axb5 13. Nxb5 Qc6 14. Nxd6+ Bxd6 15. Qxd6 Qxd6 16. Rxd6 N6d7 (
16... N8d7 $2 {loses on the spot after} 17. Bb5 $1) 17. Kb1 h5 18. gxh5 Rxh5
19. h4 {Not allowing the h5-rook to come into play. Yet, Black can make the
g5-bishop to leave his active position by playing f7-f6.} Ba6 20. Bg2 {
Certainly, it is White's favor to avoid exchanging the bishops.} f6 21. Bd2 (
21. Rxe6+ $2 {falls short after} Kf7) 21... Nf8 22. b3 Nbd7 23. a4 Bb7 $2 ({
A dubious move, after which Black's chances to save the game become minimal.} 
23... Ke7 {is strongly met by} 24. Bb4) ({Rook transfer to the queenside
proves inefficient in view of} 23... Rc5 24. b4 Rcc8 25. b5 Bb7 26. a5) (23...
Nc5 $5 {deserved serious attention here.}) 24. Bf1 $1 {[%csl Rd7,Re8][%cal
Gf1b5,Gb5e8,Gd2b4,Gb4f8] Excellent response! Sacrificing the h4-pawn, White
seizes the f1-a6 diagonal and attains the optimal set-up after transferring
his light-squared bishop to the acitve position on b5.} g5 25. Bb5 Rxh4 26. Rd1
Rh3 27. Bb4 Bc8 28. R1d3 ({Immediate} 28. Rc6 $5 Rxf3 $140 29. Bxf8 Kxf8 30.
Rc7 {was a good option here.}) 28... Kf7 29. Rc6 $1 {Threatening 30.Bf8 Kf8 
(30...Nf8 31.Rd8) 31.Rc7.} Ne5 30. Rd8 $1 {The decisive move. Now Black is
defenseless.} Nxc6 31. Rxf8+ Kg7 32. Bxc6 Rb8 33. Bd6 Rxf3 34. e5 (34. Rd8 {
also sufficed:} Rf1+ 35. Kb2 Rd1 36. e5 $18) 34... Rf1+ 35. Kb2 f5 36. Re8 Rb6
37. Rxc8 g4 38. a5 Rxc6 39. Rxc6 g3 40. a6 g2 41. Bc5 1-0

[Event "FIDE-Wch k.o."]
[Site "Groningen"]
[Date "1997.12.10"]
[Round "1.2"]
[White "Kobese, Watu"]
[Black "Sokolov, Andrei"]
[Result "1/2-1/2"]
[WhiteElo "2315"]
[BlackElo "2585"]
[Annotator "Atlas,V"]
[PlyCount "81"]
[EventDate "1997.12.09"]
[EventType "k.o."]
[EventRounds "7"]
[EventCountry "NED"]
[SourceTitle "CBM 063"]
[Source "ChessBase"]
[SourceDate "1998.03.26"]
[SourceVersion "1"]
[SourceVersionDate "1998.03.26"]
[SourceQuality "1"]

1. e4 c5 2. Nf3 e6 3. d4 cxd4 4. Nxd4 Nc6 5. Nc3 d6 6. g3 Nf6 7. Bg2 Bd7 8. O-O
Nxd4 9. Qxd4 Qc7 10. Nd1 $5 {[%cal Gc1d2,Gd2c3,Gc3h8,Yd1e3,Ye3c4,Yc4d6,Rf1d1,
Rd1d6] An interesting concept. Transferring his knight to e3 and setting his
dark-squared bishop on the main diagonal, White obtains minimal advantage.} (
10. a4 {followed by Be3 is a standard continuation in this position.}) (10. Bg5
Be7 11. Rad1 O-O 12. Kh1 Bc6 13. Bxf6 gxf6 14. f4 b5 15. f5 Rab8 16. Qe3 Kh8
17. fxe6 fxe6 18. Ne2 e5 19. Rd2 b4 20. g4 Rg8 21. h3 Bb5 22. Rf5 Qb6 23. Qb3
Qc7 {1/2-1/2 Kluger,G-Fuster,G/HUN-ch 1951 (56)}) 10... Be7 11. Ne3 O-O 12. a4
Bc6 13. Bd2 Rfd8 14. Bc3 ({Premature} 14. b4 $6 {is strongly met by} d5 15. e5
Ne4 {followed by f6|^.}) ({After} 14. c4 {Black can reply with non-trivial} Qb6
$5 15. Qd3 (15. Qxb6 axb6 {, winning either a4- or e4- pawn.}) 15... Qxb2 16.
Rab1 Qe5 {, and White still needs to prove compensation for the pawn.}) 14...
Ne8 15. Rfe1 (15. Qd2 {, intending to weaken Black's queenside by 16.Ba5, was
worth considering.}) 15... Bf6 16. Qd3 Rac8 17. a5 a6 18. Bxf6 Nxf6 19. Qd4 (
19. c4 {deserved here serious attention.}) 19... d5 20. e5 Nd7 21. f4 Bb5 {
Intending to exchange queens afer 22...Qc5 and transfer the knigth to c6 via
b8.} 22. f5 $5 {Causing upshot.} Qxe5 23. Qxe5 Nxe5 24. fxe6 fxe6 25. Nxd5 exd5
26. Rxe5 Rxc2 27. Bxd5+ Kh8 28. Bxb7 Rxb2 {During last six moves opponents
were busy exchanging their resources. The arising ending seems at first glance
more promising for Black, who controls the second rank by his b2-rook and
threatens to double his rook after Rdd2, causing some troubles for White.
However, Kobese finds the radical way to equlaize.} 29. Rxb5 $1 Rxb5 30. Bxa6
Rb2 31. Bf1 {Now due to the strong passed a-pawn, supported by the rook and
the bishop, White has no shadow of problems.} Ra8 32. a6 g6 33. Bg2 Ra7 34. h4
Kg7 35. Kh2 h5 36. Kh3 Kh6 37. Ra3 Rb6 38. Bf1 Rb2 39. Bg2 Rb6 40. Bf1 Rb2 41.
Bg2 1/2-1/2

[Event "Mermaid Beach Club"]
[Site "Bermuda"]
[Date "1997.??.??"]
[Round "2"]
[White "Waitzkin, Joshua"]
[Black "Hjartarson, Johann"]
[Result "0-1"]
[WhiteElo "2440"]
[BlackElo "2585"]
[Annotator "Atlas,V"]
[PlyCount "54"]
[EventDate "1997.01.??"]
[EventType "tourn"]
[EventRounds "11"]
[EventCountry "BER"]
[EventCategory "11"]
[SourceTitle "CBM 058"]
[Source "ChessBase"]
[SourceDate "1997.06.01"]
[SourceVersion "1"]
[SourceVersionDate "1997.06.01"]
[SourceQuality "1"]

1. e4 c5 2. Nf3 e6 3. d4 cxd4 4. Nxd4 a6 5. Bd3 Nf6 6. Nc3 d6 7. Be3 b5 8. a4
$6 ({This idea does not seem to be dangerous for Black. The most agressive
set-up, tested in several games, yields White good attacking chances:} 8. f4
Nbd7 9. a3 Bb7 10. O-O Be7 11. Qf3 Rc8 12. Rae1 O-O 13. g4 g6 14. Nde2 d5 15.
e5 Ne4 16. Nxe4 dxe4 17. Bxe4 Bxe4 18. Qxe4 Rc4 19. Qf3 Rxc2 20. Nd4 Rc4 21.
Nc6 $16 {Spassky,B-Olafsson,F/Mar del Plata 1960}) 8... b4 9. Na2 ({Also} 9.
Nce2 {does not yield an edge:} Bb7 10. Ng3 Nbd7 11. O-O d5 12. exd5 Nxd5 13.
Bd2 Nc5 14. Be2 Be7 15. Bf3 O-O 16. Nb3 Nxb3 17. cxb3 a5 {, and Black has got
a lasting advantage, Espig,L-Bukic,E/Zinnowitz 1967}) 9... Bb7 10. f3 Nbd7 11.
Nxb4 $6 {A dubious decision. Better was 11.0-0, although after 11...d5 Black
has an excellent play.} d5 12. c3 ({Certainly, not} 12. Nbc6 Qc7 {, and White
is in trouble.}) 12... dxe4 13. fxe4 Ne5 $1 ({The strongest continuation. After
} 13... Nxe4 {, counting on} 14. Nbc6 $6 Qh4+ 15. g3 Nxg3 16. Bf2 Bd6 {, White
develops a dangerous initiative playing instead 14.0-0.}) 14. Bc2 Nc4 $1 {
Again the best response. forcing exchange of the bishop, Black obtain an
excellent play.} 15. Qe2 Nxe3 16. Qxe3 Bxb4 $1 (16... Bc5 $5 {, exploiting the
absence of White's dark-squared bishop also deserved a serious attention, but
the text move, devaluating White's material advantage, allows Black to develop
a dangerous intiative.}) 17. cxb4 Qb6 18. O-O-O (18. O-O $2 {is bad in view of}
Ng4) 18... Qxb4 {[%csl Yc1,Yc2,Ye4][%cal Ga8c8,Gc8c2,Rb7e4,Rf6e4,Gb4b2]} 19. e5
$2 ({White's position is quite dubious. His king is exposed to the actions of
black major pieces, diminished pawn structure at the queenside and chronically
weak pawn "e" cause major probelms for White. Black needs just to complete his
development by means of short castling, after which his pieces will perfectly
interact. The subsequent offensive on the queenside seems to be very dangerous
for White.  An attempt to consolidate the position by means of manoeuvre
Nd4-e2-c3 fails after Black energetic play on c-file,, e.g.,} 19. Ne2 Rc8 $1
20. Rd4 (20. Nc3 Nxe4 21. Rd4 Rxc3 $1 22. bxc3 Qa3+ 23. Kd1 Qa1+ 24. Qc1 Qxc3
25. Rxe4 Bxe4 26. Bxe4 Qd4+ {, winning}) 20... Qc5 21. Nc3 e5 22. Rd3 Nxe4 {
, and Black wins. The text move, which significantly increases activity of
black minor pieces, proves to be an unsuccessful undertaling. Instead, White
had to try 19Rae1 or, perhaps, 19.Qe1!?, which yielded better chanes for
successful defense.}) 19... Nd5 20. Qh3 Rc8 {Preventing 21. Kb1, which is now
impossible in view of 21...Nc3+.} 21. Rhf1 {[%csl Ye6,Yf7][%cal Gf1f7,Rd4e6,
Rh3e6] Threatening 23. Rf7+-. The idea 22.Ne6 fe6 23.Qe6+ after Qe7(Ne7?? 24.
Qf7#) does not work due to the pin of the Bc2 ( White cannot play Bg6+).} ({
An attempt to exchange the queens would be suicidal:} 21. Qb3 $2 Qxb3 22. Nxb3
Ne3 $19) 21... Qe7 $1 {Queen's retreat, opening square b4 for his knight,
allows Black to parry the threats in the center and discloses his crucial
positional threat - to exchange white light-squared bishop, after which the
domination of black pieces must decide the game.} (21... Qxa4 $6 {yields White
exclellemt counterchances:} 22. Kb1 (22. Rxf7 $2 {is bad in view of} Rxc2+ $1
23. Kb1 Nc3+ $1 $19) 22... Qb4 (22... Qd7 {is met by} 23. Nf5 $1 exf5 24. Bxf5
{, with dangerous intiative}) {, and now after} 23. Rxf7 $1 {Black must force
a draw by perpetual:} Nc3+ 24. Kc1 Na2+ 25. Kb1 Nc3+ 26. Kc1 Na2+) 22. Kb1 (22.
Rf2 {fails to} Nb4 23. Rdf1 Nxc2 24. Nxc2 (24. Rxc2 Qg5+ 25. Kb1 Be4 $17) 24...
Qg5+ 25. Kb1 Be4 {, with decisive advantage.}) (22. Rd2 {was, probably, the
better choice, although after 22...Nb4 Black retain a large advantage.}) 22...
Nb4 23. Bxh7 $2 ({Desperation. White had to play} 23. Rf4 {, and althoguh his
position is clarly inferior, Black has to still solve some technical problems.
Now the game is over.}) 23... Be4+ 24. Bxe4 Rxh3 25. gxh3 Qh4 26. Rfe1 Rc4 27.
Re2 Qf4 0-1

[Event "RUS-chT 05th"]
[Site "Maikop"]
[Date "1998.06.10"]
[Round "8"]
[White "Morozevich, Alexander"]
[Black "Svidler, Peter"]
[Result "1-0"]
[WhiteElo "2590"]
[BlackElo "2690"]
[Annotator "Atlas,V"]
[PlyCount "89"]
[EventDate "1998.06.03"]
[EventType "team-tourn"]
[EventRounds "11"]
[EventCountry "RUS"]
[SourceTitle "CBM 066"]
[Source "ChessBase"]
[SourceDate "1998.09.30"]
[SourceVersion "1"]
[SourceVersionDate "1998.09.30"]
[SourceQuality "1"]
[WhiteTeam "Tomsk 400"]
[BlackTeam "Sankt Petersburg"]
[WhiteTeamCountry "RUS"]
[BlackTeamCountry "RUS"]

1. e4 {Epishin} c5 2. Nf3 d6 3. d4 cxd4 4. Nxd4 Nf6 5. Nc3 Nc6 6. f3 e6 7. Be3
Be7 8. Qd2 O-O 9. O-O-O d5 10. Qe1 Bb4 $6 ({Another option here is} 10... e5
11. Nxc6 bxc6 12. exd5 Nxd5 13. Bc4 Be6 14. Bf2 Rb8 15. Bb3 a5 16. Na4 Qc7 17.
Bc5 Rfe8 18. h4 Rb5 19. Bxe7 Nxe7 20. Bxe6 fxe6 21. h5 {1-0 De la Riva,
O-Semprun,F/San Sebastian op 1995/EXT 95op (40)}) (10... Bd7 {Epishin} 11. Nxc6
bxc6 12. e5 Ne8 13. Na4 f6 14. f4 fxe5 15. fxe5 Nc7 16. Bd3 Be8 17. Qg3 Bh5 18.
Rdf1 Qe8 19. Rxf8+ Bxf8 20. Rf1 Bg6 $11 {Khalifman-Aseev,S-Petersburg ch 1998})
11. a3 Ba5 12. Nb3 Bxc3 (12... Bb6 {Epishin} 13. e5 Nd7 14. f4 Bxe3+ 15. Qxe3
a6 $14) (12... Bc7 {Epishin} 13. g4 $16) 13. Qxc3 Qc7 14. Bc5 Rd8 15. Bb5 $1 {
A strong response, yielding White a durable advantage.} Bd7 (15... dxe4 {
is elegantly refuted by} 16. Bxc6 Rxd1+ (16... bxc6 {Epishin} 17. Qe5 $18) 17.
Rxd1 bxc6 {, and now} 18. Qe5 $1 {, exploiting the weakness of the last rank,
wins immediately.}) 16. Bxc6 Bxc6 ({Vacating a square d7 for the knight.} 16...
bxc6 17. e5 {is still worse for Black.}) 17. e5 {[%csl Rd6][%cal Gc5d6,Gb3d4]}
Nd7 18. Bd6 Qb6 19. Nd4 Rac8 20. Qb4 a5 21. Qxb6 Nxb6 22. b3 {Preventing 22...
Nc4 and preparing the rook transfer to the c-file.} Nd7 23. Rd3 b6 24. Rc3 Bb7
25. Rxc8 Rxc8 26. Kb2 {[%cal Gh1d1,Gd2d3,Gd1d3,Gd3c3,Gc3c8] Preparing the
transfer of the second rook to the queenside.} Bc6 (26... f6 $2 {fails to} 27.
exf6 e5 28. Nf5 {, and the f6-pawn is invulnerable due to the threat 29.Ne7+.})
27. Rd1 h6 28. Rd3 Nc5 29. Rc3 Bd7 30. a4 f6 31. Nb5 Na6 $2 ({This move yields
White a decisive advantage.} 31... Kf7 $2 {fails to} 32. Bxc5 (32. Ka3 {Epishin
} Bxb5 (32... Ke8 33. Bxc5 Rxc5 34. Nd6+ Ke7 35. Rxc5 bxc5 36. exf6+ gxf6 37.
Nb7 $18) 33. axb5 fxe5 34. Bxe5 $18) 32... Rxc5 (32... bxc5 $4 33. Nd6+) 33.
Rxc5 bxc5 34. Nd6+ Ke7 35. exf6+ gxf6 (35... Kxd6 36. fxg7 $18) 36. Nb7 $18) (
31... Kh7 $16 {was to be preferred.}) 32. Rxc8+ Bxc8 33. exf6 gxf6 34. Be7 $1 {
[%csl Ra5,Rb6,Rf6][%cal Ge7f6,Ge7d8,Gd8b6] Attacking the f6-pawn, White wins a
tempo for transferring his bishop to d8.} Kg7 35. Bd8 Nb8 36. Bxb6 Nc6 37. c3 {
Threatening 38.Nd4} e5 38. Nc7 $1 d4 39. cxd4 exd4 40. Nb5 d3 41. Kc3 Be6 (
41... Bf5 42. Nd6 Bg6 43. Ne4 {did not help either.}) 42. Be3 Nb4 43. Nd4 Bf7
44. Bd2 Kg6 45. Kb2 {Black is defenseless against 46.Bxb4, followed by Kc1-d2.}
1-0